ბათუმის შოთა რუსთაველის სახელმწიფო უნივერსიტეტის ბიბლიოთეკა

Recent progress in general topology / (ბიბ.ჩანაწერი № 57509)

000 -LEADER
fixed length control field 00875pam a2200241 a 4500
001 - CONTROL NUMBER
control field 1560781
005 - DATE AND TIME OF LATEST TRANSACTION
control field 20211129130850.0
008 - FIXED-LENGTH DATA ELEMENTS--GENERAL INFORMATION
fixed length control field 920803s1992 ne b 101 0 eng
020 ## - INTERNATIONAL STANDARD BOOK NUMBER
International Standard Book Number 9780444896742
041 ## - LANGUAGE CODE
Language code of text/sound track or separate title eng
080 ## - UNIVERSAL DECIMAL CLASSIFICATION NUMBER
Universal Decimal Classification number 515.1+514 R-35
245 00 - TITLE STATEMENT
Title Recent progress in general topology /
Statement of responsibility, etc. edited by Miroslav Hušek, Jan van Mill.
264 ## - PRODUCTION, PUBLICATION, DISTRIBUTION, MANUFACTURE, AND COPYRIGHT NOTICE
Place of production, publication, distribution, manufacture New York :
Name of producer, publisher, distributor, manufacturer North-Holland,
Date of production, publication, distribution, manufacture, or copyright notice 1992.
300 ## - PHYSICAL DESCRIPTION
Extent 796 p. ;
Dimensions 25 cm.
500 ## - GENERAL NOTE
General note Papers from Prague Toposym 1991, held in Prague, Czechoslovakia, Aug. 19-23, 1991.
504 ## - BIBLIOGRAPHY, ETC. NOTE
Bibliography, etc. note Includes bibliographical references and index.
650 #0 - SUBJECT ADDED ENTRY--TOPICAL TERM
Topical term or geographic name entry element Topology
General subdivision Congresses.
9 (RLIN) 8912
653 ## - INDEX TERM--UNCONTROLLED
keyword მათემატიკა
653 ## - INDEX TERM--UNCONTROLLED
keyword ტოპოლოგია
700 1# - ADDED ENTRY--PERSONAL NAME
Personal name Hušek, Miroslav,
Dates associated with a name
Relator term რედაქტორი
9 (RLIN) 8913
700 1# - ADDED ENTRY--PERSONAL NAME
Personal name Mill, J. van.
Relator term რედაქტორი
9 (RLIN) 8914
942 ## - ADDED ENTRY ELEMENTS (KOHA)
Source of classification or shelving scheme
Koha item type წიგნი
ეგზემპლარები
Withdrawn status Lost status Source of classification or shelving scheme Damaged status Not for loan Permanent Location Current Location Shelving location Date acquired Cost, normal purchase price Full call number Barcode Date last seen Copy number Price effective from Koha item type Public note
          ბათუმის შოთა რუსთაველის სახელმწიფო უნივერსიტეტის მთავარი ბიბლიოთეკა ბათუმის შოთა რუსთაველის სახელმწიფო უნივერსიტეტის მთავარი ბიბლიოთეკა წიგნსაცავი 2020-06-30 531.00 515.1+514 R-68 60706 2020-06-30 60706 2020-06-30 წიგნი 531 ლ.